000 00419nam a2200181Ia 4500
008 170705s9999 xx 000 0 und d
020 _a9780439740357
245 _aNew York City /
245 _cAngela Wade.
260 _aNew York :
260 _bScholastic,
260 _c2006
300 _a8 pages :
300 _bcolor illustration ;
300 _c23cm.
440 _aScholastic FX books.
500 _a400
999 _c335797
_d335797